Vista normal Vista MARC

Entrada Nombre Personal

Número de registros utilizados en: 1

001 - NUMERO DE CONTROL

  • control field: 27433

003 - IDENTIFICADOR DEL NÚMERO DE CONTROL

  • control field: AR-RoUNA

005 - FECHA Y HORA DE LA ÚLTIMA TRANSACCIÓN

  • control field: 20250916083631.0

008 - ELEMENTOS DE DATOS DE LONGITUD FIJA

  • fixed length control field: 250916|| aca||aabn | a|a d

040 ## - FUENTE DE CATALOGACIÓN

  • Original cataloging agency: AR-RoUNA
  • Transcribing agency: AR-RoUNA

100 ## - ENCABEZADO--NOMBRE PERSONAL

  • Nombre personal: Pereyra, Graciela

670 ## - FUENTE EN LA QUE SE LOCALIZARON DATOS

  • Cita fuente: Work cat.: (AR-RoUNA)12119: 27432 Escobar, Eduardo E., Manual de Investigación - Acción - Participativa - Evaluativa:, 2025.